| 000 | 00625nam a2200193 i 4500 | ||
|---|---|---|---|
| 001 | 140644 | ||
| 003 | ES-MaACL | ||
| 005 | 20250801063040.0 | ||
| 007 | t| | ||
| 008 | 070214s1955 sp r ||||1| spa d | ||
| 100 | 1 |
_aSeco Serrano, Carlos, _d1923-2020 _9105054 |
|
| 245 | 1 | 4 |
_aLos antecedentes de la `conjuración` de Venecia de 1618 / _cCarlos Seco Serrano. |
| 260 |
_aMadrid : _bMaestre, _c1955. |
||
| 300 |
_a43 p. ; _c24 cm. |
||
| 651 | 4 |
_aEspaña- _xRelaciones- _zVenecia. _9150119 |
|
| 651 | 4 |
_aVenecia- _xRelaciones- _zEspaña. _9150120 |
|
| 852 |
_aES-MaACL _j1966-F-20 _bR.38215 |
||
| 999 |
_c140644 _d140644 |
||